| 000 | 01071cam a22002898i 4500 | ||
|---|---|---|---|
| 001 | 17800933 | ||
| 005 | 20151015105345.0 | ||
| 008 | 130703t2014 njuadk frb 001 0 eng d | ||
| 010 | _a2013023526 | ||
| 020 | _a9781118368251 | ||
| 040 |
_aDLC _beng _cDLC _dEG-ScBUE |
||
| 082 | 0 | 4 |
_a660.2832 _222 _bHIL |
| 100 | 1 |
_aHill, Charles G., _d1937- _936438 |
|
| 245 | 1 | 0 |
_aIntroduction to chemical engineering kinetics and reactor design / _cCharles G. Hill, Thatcher W. Root. |
| 246 | 3 | 4 | _aIntroduction to chemical engineering kinetics & reactor design |
| 250 | _a2nd ed. | ||
| 260 |
_aHoboken : _bJohn Wiley & Sons, _cc.2014. |
||
| 300 |
_axiii, 557 p. : _bcharts, forms, tables ; _c29 cm. |
||
| 500 | _aIncludes appendixes. | ||
| 504 | _aIncludes bibliographical references and indexes. | ||
| 650 | 7 |
_aChemical kinetics. _96220 _2BUEsh |
|
| 650 | 7 |
_aChemical reactors _xDesign and construction. _933727 _2BUEsh |
|
| 653 |
_bENGCHE _cNovember2014 _cOctober2015 |
||
| 655 |
_vReading book _934232 |
||
| 700 | 1 |
_aRoot, Thatcher W., _d1957- _936439 |
|
| 942 |
_2ddc _k660.2832 HIL |
||
| 999 |
_c18545 _d18517 |
||